Liedtext - Engel - Rammstein - Statistiken

Allgemein
  • Dieses Quiz wurde 704 mal gespielt
  • Das Durchschnittsergebnis liegt bei 125 aus 163
Antwortstatistiken
Textquiz % Korrekt
Engel
99%
ich
93%
kein
92%
sein
92%
will
91%
Wir
88%
weiß
85%
Gott
84%
Himmel
83%
und
83%
die
81%
kann
81%
Kann
81%
seh'n
80%
an
79%
man
79%
allein
78%
am
78%
sind
78%
uns
78%
haben
76%
wenn
76%
Angst
75%
du
75%
sehen
75%
sie
75%
Sie
75%
Wolken
75%
ein
73%
Wer
68%
nach
67%
zu
67%
nicht
66%
dem
65%
Erst
64%
werden
64%
Den
63%
Tod
63%
Wird
63%
auf
62%
dann
61%
Erden
60%
Lebzeit
60%
gut
59%
Warum
56%
fragst
55%
Blick
53%
Sterne
49%
fallen
48%
sich
48%
vom
48%
schlafengeh'n
47%
Damit
45%
Ganz
44%
krallen
44%
müssen
44%
fest
42%
gen
42%
von
39%
leben
38%
weit
38%
unendlich
35%
hinterm
33%
Sonnenschein
33%
Getrennt
29%
Keine übereinstimmenden Quizze gefunden
Verteilung der Resultate
Anzahl Personen mit jedem Resultat
Perzentil nach korrekt beantworteten Fragen
Ihre Resultats-Entwicklung
Sie haben dieses Quiz noch nicht gespielt